[Event "Isle of Wight International"]
[Site "Ryde"]
[Date "2025.02.19"]
[Round "3.26"]
[White "Steiners, Emils"]
[Black "Vashisht-Pigem, Raman"]
[Result "1-0"]
[WhiteElo "2237"]
[BlackElo "2023"]
[PlyCount "77"]
[EventDate "2025.02.18"]
[EventType "swiss"]
[EventRounds "9"]
[EventCountry "ENG"]
[SourceTitle "BritBase"]
[Source "John Saunders"]
[SourceDate "2025.02.21"]
[SourceVersion "1"]
[SourceVersionDate "2025.02.21"]
[SourceQuality "1"]

1. d4 Nf6 2. c4 e6 3. Nc3 Bb4 4. e3 O-O 5. Bd3 d5 6. cxd5 exd5 7. Nge2 b6 8. O-O Bb7 9. Ng3 Nbd7 10. a3 Bxc3 11. bxc3 c5 12. f3 Re8 13. Ra2 Nf8 14. Re2 Rc8 15. Bb5 Bc6 16. Bxc6 Rxc6 17. e4 cxd4 18. cxd4 g6 19. Bg5 Qd7 20. e5 Nh5 21. Nxh5 gxh5 22. Qd3 Rg6 23. f4 h6 24. Bh4 Qg4 25. f5 Rc6 26. Bf2 h4 27. h3 Qh5 28. Be3 Nh7 29. Ree1 Ng5 30. Qb5 Rcc8 31. Bxg5 Qxg5 32. Qxd5 Rcd8 33. Qe4 Qd2 34. Rd1 Qg5 35. d5 Qe7 36. e6 Qc5+ 37. Kh1 Qxa3 38. Qg4+ Kh7 39. exf7 1-0

[Event "Isle of Wight International"]
[Site "Ryde"]
[Date "2025.02.19"]
[Round "3.27"]
[White "Eagleton, Greg T"]
[Black "Bin-Suhayl, Ieysaa"]
[Result "0-1"]
[WhiteElo "2042"]
[BlackElo "2228"]
[PlyCount "82"]
[EventDate "2025.02.18"]
[EventType "swiss"]
[EventRounds "9"]
[EventCountry "ENG"]
[SourceTitle "BritBase"]
[Source "John Saunders"]
[SourceDate "2025.02.21"]
[SourceVersion "1"]
[SourceVersionDate "2025.02.21"]
[SourceQuality "1"]

1. d4 Nf6 2. c4 e6 3. Nf3 d5 4. Nc3 c6 5. cxd5 exd5 6. Bg5 Be7 7. e3 Bf5 8. Bd3 Bxd3 9. Qxd3 O-O 10. O-O Nbd7 11. a3 a5 12. Qc2 Re8 13. Ne1 Bd6 14. Qf5 Qc7 15. g3 Ne4 16. Nd3 g6 17. Qg4 h5 18. Qh4 Nd2 19. Kg2 Nxf1 20. Rxf1 Nf8 21. g4 hxg4 22. h3 g3 23. fxg3 Nh7 24. Bh6 b5 25. Nd1 Re4 26. g4 Rae8 27. Rf3 c5 28. Nc3 cxd4 29. Nxd5 Qd8 30. Nf6+ Nxf6 31. Bg5 Be7 32. Rxf6 dxe3 33. Rxf7 Kxf7 34. Qh7+ Ke6 35. Qxg6+ Kd5 36. Nf4+ Rxf4 37. Bxf4 Bc5 38. b4 axb4 39. axb4 Bxb4 40. Bg5 Qa8 41. Bf6 e2 0-1

[Event "Isle of Wight International"]
[Site "Ryde"]
[Date "2025.02.19"]
[Round "3.28"]
[White "Bharat Kumar, Balahari"]
[Black "Shearsby, Jude"]
[Result "1-0"]
[WhiteElo "2022"]
[BlackElo "2227"]
[PlyCount "53"]
[EventDate "2025.02.18"]
[EventType "swiss"]
[EventRounds "9"]
[EventCountry "ENG"]
[SourceTitle "BritBase"]
[Source "John Saunders"]
[SourceDate "2025.02.21"]
[SourceVersion "1"]
[SourceVersionDate "2025.02.21"]
[SourceQuality "1"]

1. d4 Nf6 2. c4 g6 3. Nc3 d5 4. cxd5 Nxd5 5. e4 Nxc3 6. bxc3 Bg7 7. Bc4 O-O 8. Ne2 c5 9. O-O cxd4 10. cxd4 Nc6 11. Be3 Bg4 12. f3 Na5 13. Bd3 Be6 14. d5 Bxa1 15. Qxa1 f6 16. Rd1 Bd7 17. Nf4 Rc8 18. e5 Nc4 19. Bxc4 Rxc4 20. d6 fxe5 21. Qxe5 e6 22. Nd5 Kf7 23. Bg5 Ke8 24. Bxd8 Kxd8 25. Qg7 Rf5 26. Nf6 Ba4 27. Qf8+ 1-0

[Event "Isle of Wight International"]
[Site "Ryde"]
[Date "2025.02.19"]
[Round "3.29"]
[White "Li, Harry"]
[Black "Pick, Freddie"]
[Result "1/2-1/2"]
[WhiteElo "2204"]
[BlackElo "1994"]
[PlyCount "49"]
[EventDate "2025.02.18"]
[EventType "swiss"]
[EventRounds "9"]
[EventCountry "ENG"]
[SourceTitle "BritBase"]
[Source "John Saunders"]
[SourceDate "2025.02.21"]
[SourceVersion "1"]
[SourceVersionDate "2025.02.21"]
[SourceQuality "1"]

1. e4 c5 2. Nf3 Nc6 3. d4 cxd4 4. Nxd4 Nf6 5. Nc3 e5 6. Ndb5 d6 7. Nd5 Nxd5 8. exd5 Nb8 9. c4 a6 10. Qa4 Nd7 11. c5 Rb8 12. Nxd6+ Bxd6 13. cxd6 O-O 14. Be2 Nf6 15. O-O Qxd6 16. Rd1 b5 17. Qa3 Rd8 18. Bg5 Qxa3 19. bxa3 Rb6 20. Bf3 Rbd6 21. Rac1 h6 22. Bh4 Bb7 23. Bg3 Bxd5 24. Bxe5 R6d7 25. Bxf6 1/2-1/2

[Event "Isle of Wight International"]
[Site "Ryde"]
[Date "2025.02.19"]
[Round "3.30"]
[White "Skettos, Nicolas"]
[Black "Toma, Katarzyna"]
[Result "1/2-1/2"]
[WhiteElo "1966"]
[BlackElo "2199"]
[PlyCount "164"]
[EventDate "2025.02.18"]
[EventType "swiss"]
[EventRounds "9"]
[EventCountry "ENG"]
[SourceTitle "BritBase"]
[Source "John Saunders"]
[SourceDate "2025.02.21"]
[SourceVersion "1"]
[SourceVersionDate "2025.02.21"]
[SourceQuality "1"]

1. e4 c5 2. Nf3 d6 3. Bb5+ Nd7 4. a4 a6 5. Be2 Ngf6 6. Nc3 e6 7. O-O Be7 8. d4 cxd4 9. Qxd4 O-O 10. Bg5 Qc7 11. a5 b5 12. axb6 Nxb6 13. Rfd1 e5 14. Qd3 Rd8 15. Bxf6 Bxf6 16. Na4 Bb7 17. Nxb6 Qxb6 18. c4 Qc6 19. Nd2 Bg5 20. Bf3 Bxd2 21. Rxd2 a5 22. Qc3 Qb6 23. Rad1 Rac8 24. h3 g6 25. b3 Rc5 26. Ra1 Qc7 27. Rda2 Ra8 28. Qe3 Qd8 29. Qe1 Kg7 30. Qc3 Qc7 31. Qd3 Qc6 32. Qc3 Qb6 33. Qd3 Ra6 34. Bg4 Qc6 35. Bf3 Bc8 36. Qc3 Qc7 37. Qd3 Rb6 38. Rxa5 Rxa5 39. Rxa5 Rxb3 40. Qxb3 Qxa5 41. Qb8 Qc5 42. Qb5 Qa3 43. Kh2 h5 44. Bd1 Be6 45. Qb3 Qc5 46. Kg1 Bxc4 47. Qc3 Be6 48. Qd2 d5 49. exd5 Qxd5 50. Qxd5 Bxd5 51. f3 h4 52. Kf2 Kf6 53. Ke3 Kg5 54. Bc2 Bc4 55. Be4 f5 56. Bc6 Kf6 57. Be8 Bd5 58. Bb5 g5 59. Bd3 g4 60. Bb5 f4+ 61. Kf2 g3+ 62. Kg1 Ke7 63. Bd3 Kd6 64. Bf5 Kc5 65. Bg6 Kd4 66. Bf5 Ke3 67. Bg4 Bc4 68. Bf5 Bd3 69. Be6 Bc2 70. Bd7 e4 71. fxe4 Bxe4 72. Bg4 Bd5 73. Bh5 Be6 74. Bd1 Bd7 75. Bh5 Bc8 76. Bd1 Bb7 77. Bh5 f3 78. Bxf3 Bxf3 79. gxf3 Kxf3 80. Kh1 Kf4 81. Kg2 Ke4 82. Kg1 Kf3 1/2-1/2

[Event "Isle of Wight International"]
[Site "Ryde"]
[Date "2025.02.19"]
[Round "3.31"]
[White "Zheng, Harry Z"]
[Black "Mokhber-Garcia, Sebastian"]
[Result "1-0"]
[WhiteElo "2198"]
[BlackElo "1974"]
[PlyCount "149"]
[EventDate "2025.02.18"]
[EventType "swiss"]
[EventRounds "9"]
[EventCountry "ENG"]
[SourceTitle "BritBase"]
[Source "John Saunders"]
[SourceDate "2025.02.21"]
[SourceVersion "1"]
[SourceVersionDate "2025.02.21"]
[SourceQuality "1"]

1. e4 e5 2. Nf3 Nc6 3. Bb5 Nf6 4. d3 Bc5 5. c3 d6 6. O-O a6 7. Ba4 b5 8. Bc2 h6 9. Nbd2 O-O 10. a4 Bb7 11. h3 d5 12. exd5 Qxd5 13. b4 Ba7 14. Ne4 Nxe4 15. dxe4 Qc4 16. Qd3 Qxd3 17. Bxd3 Rfd8 18. Bc2 Bb6 19. Re1 Kf8 20. Be3 Bxe3 21. Rxe3 f6 22. Rd3 Rxd3 23. Bxd3 bxa4 24. Rxa4 a5 25. b5 Nb8 26. Nd2 Nd7 27. Nb3 Ke7 28. c4 c6 29. Rxa5 cxb5 30. Rxa8 Bxa8 31. cxb5 Kd6 32. f3 Nf8 33. Kf2 Ne6 34. Ke3 g6 35. Bf1 f5 36. Na5 Kc5 37. Nc4 fxe4 38. fxe4 Ng5 39. Bd3 Nf7 40. g3 Bb7 41. h4 g5 42. hxg5 hxg5 43. Be2 Bc8 44. Nb2 Kb6 45. Nd3 Bd7 46. Bh5 Nd6 47. Nxe5 Bxb5 48. Nf3 Kc7 49. Nxg5 Kd7 50. Kf4 Ke7 51. e5 Nc8 52. Ne4 Nb6 53. Nf6 Kf8 54. Bf3 Nc8 55. g4 Ne7 56. Be4 Bc4 57. Kg5 Kg7 58. Ne8+ Kf8 59. Nd6 Bb3 60. Kh6 Ng8+ 61. Kh7 Ne7 62. g5 Bg8+ 63. Kh6 Be6 64. g6 Ng8+ 65. Kh7 Ke7 66. Kg7 Ba2 67. Nf7 Nh6 68. Nxh6 Ke6 69. Nf7 Ke7 70. Kg8 Ke8 71. Bf3 Ke7 72. Bh5 Ke8 73. g7 Ke7 74. Kh8 Ke6 75. g8=Q 1-0

[Event "Isle of Wight International"]
[Site "Ryde"]
[Date "2025.02.19"]
[Round "3.32"]
[White "Jukes, Sam"]
[Black "Liu, Jack"]
[Result "0-1"]
[WhiteElo "1951"]
[BlackElo "2141"]
[PlyCount "84"]
[EventDate "2025.02.18"]
[EventType "swiss"]
[EventRounds "9"]
[EventCountry "ENG"]
[SourceTitle "BritBase"]
[Source "John Saunders"]
[SourceDate "2025.02.21"]
[SourceVersion "1"]
[SourceVersionDate "2025.02.21"]
[SourceQuality "1"]

1. e4 c5 2. Nf3 e6 3. d4 cxd4 4. Nxd4 Nc6 5. Nc3 Qc7 6. Be3 a6 7. a3 b5 8. Nxc6 Qxc6 9. Bd3 Bb7 10. Qd2 Rc8 11. f4 Nf6 12. h3 Bc5 13. Bxc5 Qxc5 14. Qf2 d6 15. O-O h5 16. Rae1 O-O 17. e5 dxe5 18. Rxe5 Qxf2+ 19. Rxf2 g6 20. Ne4 Bxe4 21. Bxe4 Rcd8 22. Bd3 Rd4 23. Rf3 Rfd8 24. Kf2 h4 25. g4 hxg3+ 26. Kxg3 Nh5+ 27. Kg4 Kg7 28. Rc5 R8d6 29. b4 Kh6 30. Rxh5+ gxh5+ 31. Kg3 Rc6 32. Kf2 Rc3 33. Be4 Rxf3+ 34. Bxf3 Rxf4 35. Ke3 Rc4 36. Kd2 Rc7 37. Be2 Kg5 38. c4 bxc4 39. Kc3 e5 40. Bxc4 f5 41. Kd3 Rd7+ 42. Ke2 Rd6 0-1

[Event "Isle of Wight International"]
[Site "Ryde"]
[Date "2025.02.19"]
[Round "3.34"]
[White "Brewer, Callum D"]
[Black "Obrochta, Lena"]
[Result "1-0"]
[WhiteElo "2122"]
[BlackElo "1916"]
[PlyCount "121"]
[EventDate "2025.02.18"]
[EventType "swiss"]
[EventRounds "9"]
[EventCountry "ENG"]
[SourceTitle "BritBase"]
[Source "John Saunders"]
[SourceDate "2025.02.21"]
[SourceVersion "1"]
[SourceVersionDate "2025.02.21"]
[SourceQuality "1"]

1. e4 c5 2. Nf3 e6 3. c3 d5 4. e5 Nc6 5. d4 cxd4 6. cxd4 Nge7 7. Na3 a6 8. Nc2 b5 9. Bd3 Ng6 10. h4 Be7 11. h5 Nf8 12. Bf4 Nd7 13. Qe2 Nb6 14. b3 Bd7 15. g4 Rc8 16. Kf1 Nc4 17. g5 Nb2 18. Kg2 Nxd3 19. Qxd3 h6 20. gxh6 gxh6 21. Ne3 Nb4 22. Qd2 a5 23. Kh2 f5 24. a3 Nc6 25. Rhg1 Bf8 26. Ng2 Ne7 27. Ngh4 Bc6 28. Ng6 Nxg6 29. Rxg6 Kd7 30. Rag1 Bb7 31. Bg3 b4 32. axb4 Bxb4 33. Rg7+ Kc6 34. Qf4 Kb6 35. Bh4 Qe8 36. R1g6 Rc6 37. Bf6 Ba6 38. Rxh6 Rxh6 39. Qxh6 Be2 40. Rg3 Bf8 41. Qg6 Qc8 42. h6 Bxh6 43. Qxh6 Rc1 44. Be7 Kb5 45. Bc5 f4 46. Qxf4 Qh8+ 47. Rh3 Rh1+ 48. Kxh1 Qxh3+ 49. Nh2 Qxb3 50. Kg2 a4 51. Qf7 Kc4 52. Qxe6 Bd3 53. Qa6+ Kc3 54. Qa5+ Kc2 55. e6 Bf5 56. Nf3 Be4 57. Qd2+ Kb1 58. Qe1+ Kb2 59. Qe2+ Kc1 60. e7 Qb8 61. e8=Q 1-0

[Event "Isle of Wight International"]
[Site "Ryde"]
[Date "2025.02.19"]
[Round "3.35"]
[White "Sandhu, Manvith"]
[Black "Rida, Ruqayyah"]
[Result "0-1"]
[WhiteElo "1904"]
[BlackElo "2101"]
[PlyCount "96"]
[EventDate "2025.02.18"]
[EventType "swiss"]
[EventRounds "9"]
[EventCountry "ENG"]
[SourceTitle "BritBase"]
[Source "John Saunders"]
[SourceDate "2025.02.21"]
[SourceVersion "1"]
[SourceVersionDate "2025.02.21"]
[SourceQuality "1"]

1. e4 e5 2. Nf3 Nc6 3. Bb5 a6 4. Ba4 Nf6 5. d3 b5 6. Bb3 Bc5 7. O-O d6 8. c3 h6 9. h3 O-O 10. Re1 Bb6 11. Nbd2 Na5 12. Bc2 c5 13. Nf1 Nc6 14. Ng3 Re8 15. Nh4 Ne7 16. Qf3 Nh7 17. Nhf5 Nxf5 18. Nxf5 Bxf5 19. Qxf5 Re6 20. Be3 Rf6 21. Qh5 Rc8 22. Rad1 Nf8 23. g3 Ne6 24. Bb3 c4 25. Bc2 Bxe3 26. Rxe3 Ng5 27. Kg2 Qd7 28. Rd2 cxd3 29. Bxd3 Rc5 30. h4 Ne6 31. Be2 Rg6 32. Kh2 Qe7 33. Rd5 Rxd5 34. exd5 Nc7 35. Qf3 Rf6 36. Qg2 Qd7 37. Bf3 Qf5 38. a3 g5 39. Qh3 g4 40. Qxg4+ Qxg4 41. Bxg4 Rxf2+ 42. Kh3 Rxb2 43. c4 bxc4 44. Rc3 Nxd5 45. Rxc4 Ne3 46. Rc8+ Kg7 47. Rc6 Nf1 48. Bc8 h5 0-1

[Event "Isle of Wight International"]
[Site "Ryde"]
[Date "2025.02.19"]
[Round "3.36"]
[White "Galvan Cipriani, Viviana"]
[Black "Bugaj, Hanna"]
[Result "0-1"]
[WhiteElo "2096"]
[BlackElo "1903"]
[PlyCount "96"]
[EventDate "2025.02.18"]
[EventType "swiss"]
[EventRounds "9"]
[EventCountry "ENG"]
[SourceTitle "BritBase"]
[Source "John Saunders"]
[SourceDate "2025.02.21"]
[SourceVersion "1"]
[SourceVersionDate "2025.02.21"]
[SourceQuality "1"]

1. c4 c6 2. Nf3 Nf6 3. Nc3 a6 4. d4 d5 5. c5 Bf5 6. Nh4 Bg6 7. Qb3 Qc8 8. g3 Nbd7 9. Bh3 e6 10. O-O Be7 11. Bg5 Bh5 12. Bd2 Ne4 13. Nxe4 dxe4 14. f3 Bxh4 15. gxh4 exf3 16. exf3 O-O 17. Bf4 Nf6 18. Rae1 Nd5 19. Bd6 Re8 20. Rf2 Qd8 21. Qxb7 Qxh4 22. Bg4 Bxg4 23. fxg4 Qxg4+ 24. Kh1 Qh5 25. Qxc6 Qh4 26. Kg1 Qxd4 27. Qb7 Nf6 28. h3 Rad8 29. b3 e5 30. Kg2 Re6 31. a4 Nd7 32. Qc7 Rg6+ 33. Kf1 Qd3+ 34. Ree2 Qd1+ 35. Re1 Qd3+ 36. Ree2 Qxh3+ 37. Ke1 Qc3+ 38. Rd2 Qe3+ 39. Kf1 Qh3+ 40. Ke2 Re8 41. Rd3 Qg4+ 42. Kd2 e4 43. Re3 Nf6 44. Qb7 Qe6 45. Rfe2 Rg4 46. Qxa6 Nd5 47. Rh3 e3+ 48. Kc1 Rg1+ 0-1

[Event "Isle of Wight International"]
[Site "Ryde"]
[Date "2025.02.19"]
[Round "3.37"]
[White "Rastogi, Nayan Keats"]
[Black "Zhang, Junyi"]
[Result "0-1"]
[WhiteElo "1843"]
[BlackElo "2096"]
[PlyCount "76"]
[EventDate "2025.02.18"]
[EventType "swiss"]
[EventRounds "9"]
[EventCountry "ENG"]
[SourceTitle "BritBase"]
[Source "John Saunders"]
[SourceDate "2025.02.21"]
[SourceVersion "1"]
[SourceVersionDate "2025.02.21"]
[SourceQuality "1"]

1. e4 c5 2. Nf3 e6 3. c3 d5 4. exd5 Qxd5 5. d4 Nf6 6. Na3 Nc6 7. Be3 cxd4 8. Nb5 Qd7 9. Nbxd4 Be7 10. Bb5 Qc7 11. O-O O-O 12. Nxc6 bxc6 13. Bc4 Nd5 14. Bd2 Rd8 15. Qc2 Bb7 16. Ng5 g6 17. g3 c5 18. h4 Nb6 19. Be2 Bd6 20. Bf3 Nc4 21. Bc1 Ne5 22. Bxb7 Qxb7 23. f4 Ng4 24. Qe4 Qxe4 25. Nxe4 Be7 26. Nf2 Nh6 27. Kg2 Nf5 28. Kf3 c4 29. Be3 Rab8 30. Nd1 Rd3 31. Rb1 a5 32. Re1 Bc5 33. Kf2 Nxe3 34. Nxe3 a4 35. Kf3 a3 36. b4 cxb3 37. axb3 Rxc3 38. Ke4 f5+ 0-1

[Event "Isle of Wight International"]
[Site "Ryde"]
[Date "2025.02.19"]
[Round "3.38"]
[White "Patel, Zain"]
[Black "Schell, Finn"]
[Result "1/2-1/2"]
[WhiteElo "2089"]
[BlackElo "1887"]
[PlyCount "110"]
[EventDate "2025.02.18"]
[EventType "swiss"]
[EventRounds "9"]
[EventCountry "ENG"]
[SourceTitle "BritBase"]
[Source "John Saunders"]
[SourceDate "2025.02.21"]
[SourceVersion "1"]
[SourceVersionDate "2025.02.21"]
[SourceQuality "1"]

1. Nf3 d5 2. d4 Nf6 3. e3 c5 4. Nbd2 Nbd7 5. b3 cxd4 6. exd4 e6 7. Bd3 Bd6 8. O-O O-O 9. Bb2 Re8 10. Ne5 b6 11. Qf3 Nf8 12. Rfe1 Ng6 13. Bb5 Rf8 14. Ndc4 Nh4 15. Qh3 dxc4 16. Qxh4 cxb3 17. axb3 Bb7 18. Bd3 g6 19. c4 Nh5 20. Qxd8 Rfxd8 21. g3 Ng7 22. Be4 Bxe4 23. Rxe4 Bxe5 24. Rxe5 f6 25. Re2 Kf7 26. Rae1 Rd7 27. d5 exd5 28. cxd5 Re8 29. Ba3 Rxe2 30. Rxe2 Ne8 31. d6 Nxd6 32. Rd2 Ke6 33. Re2+ Kd5 34. Rd2+ Kc6 35. Rc2+ Kb7 36. Rd2 Kc7 37. Rc2+ Kd8 38. g4 Nb5 39. Bb2 Nd4 40. Rc4 Nf3+ 41. Kg2 Ne5 42. Rf4 Rd2 43. Ba1 Rd1 44. Ra4 a5 45. g5 Nd7 46. gxf6 Nc5 47. Ra3 Rd3 48. Be5 Rd5 49. f7 Nd7 50. Bf6+ Kc7 51. b4 Rf5 52. Rc3+ Kd6 53. Rd3+ Ke6 54. Rxd7 Rxf6 55. Rb7 axb4 1/2-1/2

[Event "Isle of Wight International"]
[Site "Ryde"]
[Date "2025.02.19"]
[Round "3.39"]
[White "Ding, Yiwen"]
[Black "Wilks, Simon"]
[Result "1/2-1/2"]
[WhiteElo "1772"]
[BlackElo "2089"]
[PlyCount "86"]
[EventDate "2025.02.18"]
[EventType "swiss"]
[EventRounds "9"]
[EventCountry "ENG"]
[SourceTitle "BritBase"]
[Source "John Saunders"]
[SourceDate "2025.02.21"]
[SourceVersion "1"]
[SourceVersionDate "2025.02.21"]
[SourceQuality "1"]

1. d4 Nf6 2. c4 e6 3. Nf3 d5 4. Nc3 dxc4 5. e3 a6 6. a4 c5 7. Bxc4 Nc6 8. O-O Be7 9. dxc5 Qxd1 10. Rxd1 Bxc5 11. Be2 Ke7 12. Ne1 Bd7 13. Nd3 Bd6 14. Bf3 Rab8 15. Rb1 Ne5 16. Nxe5 Bxe5 17. a5 b6 18. axb6 Rxb6 19. Ne2 Rhb8 20. Nd4 a5 21. Ra1 a4 22. Ra3 Bd6 23. Rc3 Bb4 24. Rc2 Nd5 25. h3 Bd6 26. Bxd5 exd5 27. Re1 f5 28. Ree2 g6 29. Red2 Be5 30. Nf3 Kd6 31. Nxe5 Kxe5 32. Rc5 Be6 33. Ra5 Rc6 34. Rd1 Rc4 35. g3 Rb3 36. Kg2 Rb7 37. h4 h6 38. Ra6 Rb5 39. Ra7 Kf6 40. Ra6 Ke5 41. Ra7 Kf6 42. Ra6 Kf7 43. Ra7+ Kf6 1/2-1/2

[Event "Isle of Wight International"]
[Site "Ryde"]
[Date "2025.02.19"]
[Round "3.40"]
[White "Kumar, Sanjit S"]
[Black "Buchwald, Filip"]
[Result "1-0"]
[WhiteElo "2074"]
[BlackElo "1636"]
[PlyCount "140"]
[EventDate "2025.02.18"]
[EventType "swiss"]
[EventRounds "9"]
[EventCountry "ENG"]
[SourceTitle "BritBase"]
[Source "John Saunders"]
[SourceDate "2025.02.21"]
[SourceVersion "1"]
[SourceVersionDate "2025.02.21"]
[SourceQuality "1"]

1. d4 d5 2. c4 c6 3. Nc3 Nf6 4. cxd5 cxd5 5. Bf4 Nc6 6. e3 a6 7. Bd3 e6 8. Rc1 Bd6 9. Bxd6 Qxd6 10. f4 O-O 11. Nf3 Bd7 12. O-O Rac8 13. Ne5 Ne7 14. g4 Bc6 15. g5 Nd7 16. Ne2 Bb5 17. Bxb5 axb5 18. Nd3 Rxc1 19. Qxc1 Rc8 20. Qd2 Nb6 21. b3 Nd7 22. Rc1 Rxc1+ 23. Qxc1 Nc6 24. Kf2 f6 25. gxf6 Nxf6 26. Ng3 Ng4+ 27. Kg2 Ne7 28. h3 Nf6 29. Qc5 Qxc5 30. Nxc5 Kf7 31. Nxb7 Ne8 32. a4 bxa4 33. bxa4 Nc8 34. Nc5 Ned6 35. Ne2 Nc4 36. Kf2 Na5 37. Nc1 Nb6 38. N1d3 Kf6 39. Nb4 h6 40. Nba6 g5 41. Nc7 gxf4 42. exf4 Kf5 43. N7xe6 Nxa4 44. Ng7+ Kg6 45. Nxa4 Kxg7 46. Kf3 Nc6 47. Nc3 Nxd4+ 48. Kg4 Kg6 49. Nxd5 h5+ 50. Kg3 Ne2+ 51. Kf2 Nd4 52. Ke3 Nf5+ 53. Ke4 Ng3+ 54. Ke5 h4 55. Ke6 Nf5 56. Ke5 Ng3 57. Ne3 Ne2 58. f5+ Kf7 59. Ng4 Ng1 60. Nf2 Ne2 61. f6 Ng3 62. Ng4 Nh5 63. Nh6+ Kf8 64. Kf5 Ng3+ 65. Kg6 Ne2 66. Kf5 Ng3+ 67. Ke6 Nh5 68. Kf5 Ng3+ 69. Kf4 Ne2+ 70. Kg5 Nf4 1-0

[Event "Isle of Wight International"]
[Site "Ryde"]
[Date "2025.02.19"]
[Round "3.41"]
[White "Pai, Sidhanth"]
[Black "Malinovsky, Ilya"]
[Result "0-1"]
[WhiteElo "1746"]
[BlackElo "2073"]
[PlyCount "58"]
[EventDate "2025.02.18"]
[EventType "swiss"]
[EventRounds "9"]
[EventCountry "ENG"]
[SourceTitle "BritBase"]
[Source "John Saunders"]
[SourceDate "2025.02.21"]
[SourceVersion "1"]
[SourceVersionDate "2025.02.21"]
[SourceQuality "1"]

1. e4 e6 2. Nf3 d5 3. Nc3 d4 4. Ne2 c5 5. c3 Nf6 6. e5 Nfd7 7. cxd4 cxd4 8. Qa4 Be7 9. Qxd4 Nc6 10. Qf4 g5 11. Qg3 h5 12. d4 Nb4 13. Kd2 h4 14. Nxh4 Rxh4 15. a3 Nc5 16. Qe3 Nd5 17. Qf3 g4 18. Qe3 Nxe3 19. Kxe3 Bg5+ 20. f4 gxf3+ 21. Kxf3 Qd5+ 22. Kf2 Nd3+ 23. Kg1 Nxc1 24. Kf2 Nd3+ 25. Kg3 Qe4 26. h3 Nf4 27. Nc3 Qe3+ 28. Kh2 Rxh3+ 29. gxh3 Qf2+ 0-1

[Event "Isle of Wight International"]
[Site "Ryde"]
[Date "2025.02.19"]
[Round "3.42"]
[White "Tomaszewski, Kacper"]
[Black "Westcott, Dale"]
[Result "1-0"]
[WhiteElo "2348"]
[BlackElo "1770"]
[PlyCount "61"]
[EventDate "2025.02.18"]
[EventType "swiss"]
[EventRounds "9"]
[EventCountry "ENG"]
[SourceTitle "BritBase"]
[Source "John Saunders"]
[SourceDate "2025.02.21"]
[SourceVersion "1"]
[SourceVersionDate "2025.02.21"]
[SourceQuality "1"]

1. c4 c6 2. d4 d5 3. Nc3 Nf6 4. Nf3 e6 5. Bg5 Nbd7 6. cxd5 exd5 7. e3 Be7 8. Bd3 O-O 9. Qc2 Re8 10. h3 h6 11. Bf4 c5 12. dxc5 Nxc5 13. O-O Nxd3 14. Qxd3 b6 15. Rfd1 Bb7 16. Qb5 a6 17. Qb3 Bd6 18. Bxd6 Qxd6 19. Rd4 Rad8 20. Rad1 Qc7 21. Ne1 Rd7 22. Nd3 Red8 23. Nf4 Qc6 24. Nd3 a5 25. Ne5 Qc7 26. Nxd7 Rxd7 27. Rc1 Ne4 28. Qd1 Nxc3 29. Rxc3 Qe5 30. e4 g5 31. Re3 1-0

[Event "Isle of Wight International"]
[Site "Ryde"]
[Date "2025.02.19"]
[Round "3.43"]
[White "Yu, Rock"]
[Black "Rappazzo, Johannes"]
[Result "0-1"]
[WhiteElo "1980"]
[BlackElo "2209"]
[PlyCount "58"]
[EventDate "2025.02.18"]
[EventType "swiss"]
[EventRounds "9"]
[EventCountry "ENG"]
[SourceTitle "BritBase"]
[Source "John Saunders"]
[SourceDate "2025.02.21"]
[SourceVersion "1"]
[SourceVersionDate "2025.02.21"]
[SourceQuality "1"]

1. e4 c5 2. Nf3 d6 3. d4 cxd4 4. Nxd4 Nf6 5. f3 e5 6. Nb3 Be7 7. c4 a5 8. Be3 a4 9. Nc1 O-O 10. Be2 Nc6 11. O-O Nh5 12. Nc3 a3 13. bxa3 Bg5 14. Bf2 Nd4 15. Nb3 Nxe2+ 16. Nxe2 Be6 17. c5 Rxa3 18. cxd6 Ra6 19. d7 b6 20. Qd3 Ra7 21. Qb5 Rxd7 22. Nc3 Bf4 23. Rfd1 Rxd1+ 24. Rxd1 Qg5 25. Nd5 Bxd5 26. Qxd5 Bxh2+ 27. Kf1 Nf4 28. Qd6 Qxg2+ 29. Ke1 Bg3 0-1

[Event "Isle of Wight International"]
[Site "Ryde"]
[Date "2025.02.19"]
[Round "3.44"]
[White "Patel, Keatan"]
[Black "Tsakiris, Haralambos"]
[Result "0-1"]
[WhiteElo "1957"]
[BlackElo "2178"]
[PlyCount "120"]
[EventDate "2025.02.18"]
[EventType "swiss"]
[EventRounds "9"]
[EventCountry "ENG"]
[SourceTitle "BritBase"]
[Source "John Saunders"]
[SourceDate "2025.02.21"]
[SourceVersion "1"]
[SourceVersionDate "2025.02.21"]
[SourceQuality "1"]

1. e4 e6 2. d4 d5 3. Nd2 c5 4. Ngf3 cxd4 5. Nxd4 Nf6 6. exd5 Nxd5 7. N2f3 Bb4+ 8. Bd2 O-O 9. c4 Bxd2+ 10. Qxd2 Nf6 11. Be2 e5 12. Nb5 Qxd2+ 13. Nxd2 Nc6 14. Bf3 Rd8 15. Ne4 Ne8 16. c5 a6 17. Nbd6 f5 18. Nxe8 fxe4 19. Bh5 Nd4 20. O-O g6 21. Nc7 Rb8 22. Bd1 Kf7 23. Ba4 Bd7 24. Bb3+ Nxb3 25. axb3 Bc6 26. Rfd1 Rd4 27. b4 Rc8 28. Rxd4 exd4 29. b5 axb5 30. Na8 Rd8 31. Nb6 Kf6 32. Kf1 Ke5 33. Ke2 Rf8 34. b4 Rd8 35. Ra2 h5 36. g3 g5 37. Ra1 Kf5 38. Na8 Rd7 39. Nb6 Re7 40. Ra8 e3 41. Rf8+ Kg4 42. Nc8 d3+ 43. Ke1 d2+ 44. Ke2 Bf3+ 45. Rxf3 d1=Q+ 46. Kxd1 Kxf3 47. fxe3 Rxe3 48. Nd6 Rb3 49. Kc2 Rxb4 50. Kc3 Ra4 51. Nxb5 Kg2 52. Nd6 Kxh2 53. Nxb7 Kxg3 54. c6 Ra6 55. Nd8 Ra8 56. Nf7 Rc8 57. Nxg5 Rxc6+ 58. Kd3 h4 59. Ke3 h3 60. Ne4+ Kg2 0-1

[Event "Isle of Wight International"]
[Site "Ryde"]
[Date "2025.02.19"]
[Round "3.45"]
[White "Duke, Michael"]
[Black "Cansdale, Zach"]
[Result "1/2-1/2"]
[WhiteElo "2045"]
[BlackElo "1955"]
[PlyCount "65"]
[EventDate "2025.02.18"]
[EventType "swiss"]
[EventRounds "9"]
[EventCountry "ENG"]
[SourceTitle "BritBase"]
[Source "John Saunders"]
[SourceDate "2025.02.21"]
[SourceVersion "1"]
[SourceVersionDate "2025.02.21"]
[SourceQuality "1"]

1. d4 d5 2. c4 e6 3. Nc3 Nf6 4. cxd5 exd5 5. Bg5 Be7 6. e3 c6 7. Bd3 O-O 8. Qc2 Nbd7 9. Nge2 Re8 10. O-O Nf8 11. f3 g6 12. Bh4 Ne6 13. Rad1 b5 14. Bf2 Bb7 15. Rfe1 Rc8 16. h3 Qa5 17. a3 b4 18. axb4 Bxb4 19. Ra1 Qb6 20. Na4 Qd8 21. Rec1 c5 22. Qb3 Qe7 23. dxc5 Nxc5 24. Nxc5 Bxc5 25. Nd4 Bb6 26. Bf1 Nd7 27. Bb5 Nc5 28. Qa3 Red8 29. Qb4 Qd6 30. Bh4 Ne6 31. Qd2 Rxc1+ 32. Rxc1 Rc8 33. Rxc8+ 1/2-1/2